000 00855nam a2200325 a 4500
003 AR-BaBNM
005 20251128203635.0
008 082120s2002 ||||||||||||||000 | spa||
040 _cAR-BaBNM
100 1 _aPierard, Louis
245 0 0 _aManet
_bel incomprendido
260 _aBuenos Aires
_bArgos
_c1947
300 _a164 p.
_bláms.
490 0 _aBiblioteca Argos
650 4 _aBIOGRAFIAS
650 4 _aSIGLO DIECINUEVE
650 4 _aCRITICA DE ARTE
650 4 _aARTES PLASTICAS
650 4 _aESTILOS ARTISTICOS
650 4 _aARTE EUROPEO
650 4 _aPINTORES
653 _aIMPRESIONISMO
655 _aBIOGRAFIAS
700 1 _aOssorio, Concepción
_etraductor
800 1 _aBaudizzone, Luis M.
_edirector
800 1 _aRomero, José Luis
_edirector
800 1 _aRomero Brest, Jorge
_edirector
942 _cBK
998 _cMARTIN
999 _c4283
_d4283